[Event "BUL-chT"]
[Site "Bankia"]
[Date "1991.??.??"]
[Round "7"]
[White "Genov, Petar"]
[Black "Vasilev, Nikolai"]
[Result "1-0"]
[WhiteElo "2420"]
[BlackElo "2340"]

1.d4 Nf6 2.c4 g6 3.Nc3 Bg7 4.e4 d6 5.Nf3 O-O 6.Be2 e5 7.O-O Nc6 8.d5 Ne7
9.Ne1 Nd7 10.Nd3 f5 11.Bd2 Nf6 12.f3 h5 13.h3 f4 14.c5 g5 15.cxd6 cxd6 16.Nf2 Ng6
17.Qc2 Rf7 18.Rfc1 Ne8 19.a4 Bf8 20.Nb5 Bd7 21.Ra3 a6 22.Nc3 Nf6 23.a5 Rc8
24.Qd1 Rg7 25.Be1 Nh4 26.Kf1 g4 27.fxg4 hxg4 28.hxg4 Nh5 29.Nh3 Ng3+ 30.Bxg3 fxg3
31.Na2 Qf6+ 32.Kg1 Qg6 33.Rxc8 Bxc8 34.Qc2 Bd7 35.Rxg3 Rf7 36.Nc3 Be7 37.Qd2 Bd8
38.b4 b6 39.b5 axb5 40.axb6 Bxb6+ 41.Kh1  1-0

[Event "Pan American"]
[Site "Bariloche"]
[Date "1991.??.??"]
[Round "2"]
[White "Silva, Sebastain"]
[Black "Watanabe, Roberto"]
[Result "1/2-1/2"]
[WhiteElo "2355"]
[BlackElo "2275"]

1.d4 Nf6 2.Nf3 g6 3.c4 Bg7 4.Nc3 O-O 5.e4 d6 6.Be2 e5 7.O-O Nc6 8.d5 Ne7
9.Ne1 Nd7 10.Nd3 f5 11.Bd2 Nf6 12.f3 f4 13.g4 c6 14.Be1 b5 15.Nb4 cxd5 16.Nbxd5 Nfxd5
17.Nxd5 Nc6 18.cxb5 Nd4 19.Rc1 Rb8 20.Bf2 Be6 21.Bc4 Rb7 22.a4 h5 23.h3 Bh8
24.Qd3 Rh7 25.Kg2 Rff7 26.Nb4 Bxc4 27.Qxc4 hxg4 28.hxg4 Nxf3 29.Kxf3 Rh3+
30.Kg2 Qg5 31.Rg1 f3+ 32.Kf1 Rh2 33.Nd3 Bf6 34.a5 Qd2 35.Qc2 Qxa5 36.g5 Bd8
37.b4 Qxb5 38.Qc4 Qb7 39.Qc6 Qxc6 40.Rxc6 Bb6 41.Rxd6 Bxf2 42.Nxf2 Rc7 43.Ke1 Rc1+
44.Rd1 Rc2 45.Rd8+ Kf7 46.Rf1 Re2+ 47.Kd1 Rexf2 48.Rxf2 Rxf2 49.Rd7+ Ke6
50.Rxa7 Rb2 51.Ra6+ Kd7 52.Ke1 Rxb4 53.Kf2 Rxe4 54.Kxf3 Rf4+  1/2-1/2

[Event "Beersheba-B"]
[Site "Beersheba"]
[Date "1991.??.??"]
[Round "?"]
[White "Halasz, Tamas"]
[Black "Shahal, Nir"]
[Result "1-0"]
[WhiteElo "2410"]
[BlackElo "2200"]

1.d4 Nf6 2.c4 g6 3.Nc3 Bg7 4.e4 d6 5.Be2 O-O 6.Nf3 e5 7.O-O Nc6 8.d5 Ne7
9.Ne1 Nd7 10.f3 f5 11.g4 Kh8 12.Be3 Ng8 13.Qd2 Ndf6 14.h3 h5 15.Kg2 f4 16.Bf2 Nh7
17.Nd3 Ng5 18.Rh1 Nh6 19.Raf1 Kg8 20.Bg1 Nxh3 21.Kxh3 Qg5 22.Nf2 Bf6 23.Bh2 Kg7
24.Qd1 hxg4+ 25.fxg4 f3 26.Bxf3 Be7 27.Kg2 Bd7 28.Nh3 Qe3 29.Bg1 Nxg4 30.Bxg4 Rxf1
31.Bxe3 Rxd1 32.Bxd1  1-0

[Event "Beersheba-B"]
[Site "Beersheba"]
[Date "1991.??.??"]
[Round "?"]
[White "Halasz, Tamas"]
[Black "Segal, Anna"]
[Result "1-0"]
[WhiteElo "2410"]
[BlackElo "2200"]

1.d4 Nf6 2.c4 g6 3.Nc3 Bg7 4.e4 d6 5.Be2 O-O 6.Nf3 e5 7.O-O Nc6 8.d5 Ne7
9.b4 Nh5 10.c5 Nf4 11.Bxf4 exf4 12.Rc1 a6 13.Qd2 Bh6 14.e5 dxe5 15.Nxe5 f3
16.Qxh6 fxe2 17.Nxe2 Qxd5 18.Nc4 Nf5 19.Qf4 Qd3 20.Ng3 Nxg3 21.hxg3 Be6 22.Rfd1 Qe2
23.Rd2 Qg4 24.Qxg4 Bxg4 25.c6 b6 26.Ne3 Be6 27.Nd5 Bxd5 28.Rxd5 Rfe8 29.Rd7 Rac8
30.Rc3 Re1+ 31.Kh2 Re5 32.g4 h5 33.Rf3 Rf8 34.gxh5 Rxh5+ 35.Rh3 Rb5 36.Rh4 Rc8
37.Rf4 Rh5+ 38.Kg3 Rh7 39.Re4 f6 40.Ree7 Rh1 41.Rg7+  1-0

[Event "CHN-CIS"]
[Site "Beijing"]
[Date "1991.??.??"]
[Round "?"]
[White "Ambarcumjan, Armen"]
[Black "Wang Zili"]
[Result "0-1"]
[WhiteElo "2345"]
[BlackElo "2495"]

1.d4 Nf6 2.Nf3 g6 3.c4 Bg7 4.Nc3 O-O 5.e4 d6 6.Be2 e5 7.O-O Nc6 8.d5 Ne7
9.Nd2 a5 10.a3 Nd7 11.Rb1 f5 12.b4 Kh8 13.Qc2 Nf6 14.f3 Neg8 15.c5 axb4 16.axb4 Nh5
17.Nc4 Ngf6 18.cxd6 cxd6 19.Nb5 fxe4 20.Ncxd6 Nxd5 21.fxe4 Ndf4 22.Bxh5 gxh5
23.Bxf4 exf4 24.Rbd1 Qe7 25.Qc7 Qf6 26.Nd4 Bg4 27.Rd2 f3 28.Nxf3 Bxf3 29.gxf3 Bh6
30.Rg2 Bf4 31.e5 Bxe5 32.Rd1 Bd4+ 33.Kh1 Qxf3 34.Qc1 Ra2 35.Nf7+ Rxf7 36.Qc8+ Rf8
37.Qxf8+ Qxf8 38.Rxa2 Qf3+  0-1

[Event "Benidorm op"]
[Site "Benidorm"]
[Date "1991.??.??"]
[Round "4"]
[White "Wells, Peter K"]
[Black "Etchegaray, Patrice"]
[Result "1-0"]
[WhiteElo "2460"]
[BlackElo "2270"]

1.d4 Nf6 2.c4 g6 3.Nc3 Bg7 4.e4 d6 5.Nf3 O-O 6.Be2 Nc6 7.O-O e5 8.d5 Ne7
9.Ne1 Nd7 10.Nd3 f5 11.Bd2 Nf6 12.f3 f4 13.g4 fxg3 14.hxg3 c6 15.a4 a5 16.Be3 h6
17.Kg2 g5 18.Rh1 Qe8 19.c5 cxd5 20.cxd6 Nc6 21.Nxd5 Nxd5 22.exd5 Nd4 23.Bxd4 exd4
24.Nc5 b6 25.Bb5 Qf7 26.Ne6 Bxe6 27.dxe6 Qxe6 28.Qd3 Qxd6 29.Rae1 Rac8 30.Bc4+ Rxc4
31.Qxc4+ Kh8 32.Re6 Qc5 33.Qd3 Qf5 34.Qxf5 Rxf5 35.Rxb6 Rc5 36.Rd1 Rc2+ 37.Kh3 Kh7
38.Rd3 h5 39.Rdb3 Rc4 40.Rd6 Rxa4 41.Rb7 Rb4 42.Ra7 Rb8 43.Rdd7 Rg8 44.Rxd4 Kg6
45.Rd6+ Kh7 46.Rd5  1-0

[Event "Berliner Sommer"]
[Site "Berlin"]
[Date "1991.??.??"]
[Round "?"]
[White "Boguszlavszky, Jevgenyij"]
[Black "Gurevich, Vladimir"]
[Result "1/2-1/2"]
[WhiteElo "2360"]
[BlackElo "2435"]

1.d4 Nf6 2.c4 g6 3.Nc3 Bg7 4.e4 d6 5.Nf3 O-O 6.Be2 e5 7.O-O Nc6 8.d5 Ne7
9.Nd2 a5 10.a3 Nd7 11.Rb1 f5 12.b4 Kh8 13.f3 f4 14.Qc2 g5 15.Nb5 b6 16.c5 dxc5
17.bxc5 bxc5 18.Nc4 c6 19.d6 cxb5 20.dxe7 Qxe7 21.Rxb5 a4 22.Ra5 Rxa5 23.Nxa5 Nb6
24.Bd2 Be6 25.Rb1 Qc7 26.Rb5 Rc8 27.Qb2 Nd7 28.Bc3 c4 29.Nb7 h5 30.Bd1 g4
31.Qa2 Rb8 32.Qb2 gxf3 33.Bxf3 Bg4 34.Na5 Rc8 35.Qe2 Qa7+ 36.Kf1 Qa6 37.Rd5 Be6
38.Rd1 Rc5 39.Bxh5 Rxa5 40.Bxa5 Qxa5 41.Bg4 Bxg4 42.Qxg4 Nf8 43.Rc1 Qd2 44.Qh3+ Kg8
45.Qc3 Qd6 46.Qxc4+ Kh8 47.Rc3 Qd1+ 48.Kf2 Qd2+ 49.Kf1 Qd1+ 50.Kf2 Qd2+  1/2-1/2

[Event "Berliner Sommer"]
[Site "Berlin"]
[Date "1991.??.??"]
[Round "?"]
[White "Ikonnikov, Vyacheslav"]
[Black "Kuzmin, Alexey"]
[Result "1/2-1/2"]
[WhiteElo "2480"]
[BlackElo "2520"]

1.d4 Nf6 2.Nf3 g6 3.c4 Bg7 4.Nc3 O-O 5.e4 d6 6.Be2 e5 7.O-O Nc6 8.Be3 Ng4
9.Bg5 f6 10.Bc1 f5 11.Bg5 Qe8 12.d5 Nd8 13.Nd2 Bf6 14.Bxf6 Nxf6 15.b4 Qe7
16.Rc1 a5 17.a3 fxe4 18.Ndxe4 Nxe4 19.Nxe4 Bf5 20.Nc3 axb4  1/2-1/2

[Event "Bern op"]
[Site "Bern"]
[Date "1991.??.??"]
[Round "3"]
[White "Soffer, Ram"]
[Black "Nemet, Ivan"]
[Result "1/2-1/2"]
[WhiteElo "2445"]
[BlackElo "2450"]

1.d4 Nf6 2.c4 g6 3.Nc3 Bg7 4.e4 d6 5.Nf3 O-O 6.Be2 e5 7.O-O Nc6 8.d5 Ne7
9.Bg5 h6 10.Bxf6 Bxf6 11.b4 Bg7 12.c5 f5 13.Nd2 fxe4 14.Ndxe4 Nf5 15.Bg4 Bd7
16.Qd3 Be8 17.a4 Bf7 18.a5 Nd4 19.a6 b6 20.cxd6 cxd6 21.Qc4 Be8 22.b5 Kh7
23.Rab1 Rf7 24.Qb4 Rc7 25.Rfd1 Bd7 26.Bxd7 Qxd7 27.Rd3 Rac8 28.Qb2 Qe7 29.Re1 Rc4
30.Nd2 R4c7 31.Nde4 Rc4 32.Nd2 R4c7  1/2-1/2

[Event "POL-chB"]
[Site "Bielsko-Biala"]
[Date "1991.??.??"]
[Round "6"]
[White "Hass, Roman"]
[Black "Murdzia, Piotr"]
[Result "1/2-1/2"]
[WhiteElo "2280"]
[BlackElo "2295"]

1.Nf3 Nf6 2.c4 g6 3.Nc3 Bg7 4.e4 d6 5.d4 O-O 6.Be2 e5 7.O-O Nc6 8.Be3 Ng4
9.Bg5 f6 10.Bc1 exd4 11.Nxd4 Nxd4 12.Qxd4 f5 13.Qd5+ Kh8 14.Bxg4 fxg4 15.Be3 Qf6
16.Qd3 Be6 17.Rac1 Qh4 18.Nd5 Be5 19.g3 Qd8 20.Nf4 Bg8 21.Qe2 Qf6 22.Nd3 Bd4
23.Qxg4 Bxe3 24.fxe3 Qe7 25.b3 Be6 26.Qe2 Bh3 27.Rxf8+ Rxf8 28.Nf4 Bd7 29.Rf1 Kg7
30.Nd5 Rxf1+ 31.Qxf1 Qe5 32.Nxc7 Qxe4 33.Nd5 Bf5 34.h3 Qe5 35.g4 Be4 36.Nf4 h5
37.Qd1 hxg4 38.hxg4 g5 39.Nh5+ Kg6 40.Qe2 Qa1+ 41.Kf2 Qh1 42.a3 b6 43.b4 Qh4+
44.Kf1 Qh1+ 45.Kf2 a5 46.bxa5 bxa5 47.c5 Qg2+ 48.Ke1 Qxe2+ 49.Kxe2 dxc5 50.Ng3 Bd5
51.Kd3 Be6 52.Ne4 c4+ 53.Kd4 Bxg4 54.Kxc4 Be6+ 55.Kd4 Kf5 56.Nd6+ Kg4 57.Ke5 Bd7
58.Ne4 Bc6 59.Nxg5  1/2-1/2

[Event "POL-chB"]
[Site "Bielsko-Biala"]
[Date "1991.??.??"]
[Round "8"]
[White "Hass, Roman"]
[Black "Zyla, Janusz"]
[Result "0-1"]
[WhiteElo "2280"]
[BlackElo "2240"]

1.Nf3 Nf6 2.c4 g6 3.Nc3 Bg7 4.e4 d6 5.d4 O-O 6.Be2 e5 7.O-O Nc6 8.Be3 Ng4
9.Bg5 f6 10.Bc1 f5 11.Bg5 Bf6 12.Bxf6 Nxf6 13.exf5 gxf5 14.Qd2 Ne4 15.Qe3 Nxc3
16.Qxc3 e4 17.Ne1 f4 18.Nc2 Qg5 19.Kh1 Rf6 20.Rg1 Rh6 21.h3 Kh8 22.Bf1 Bd7
23.Re1 Rg8 24.g3 e3 25.Rg2 f3 26.Rh2 exf2 27.d5+ Ne5 28.Rxe5 dxe5 29.Qxf3 Qxg3
30.Qxf2 Bf5 31.Qxg3 Rxg3  0-1

[Event "Bled op"]
[Site "Bled"]
[Date "1991.??.??"]
[Round "?"]
[White "Stanciu, Gabriela"]
[Black "Konarkowska Sokolov, Henrijeta"]
[Result "0-1"]
[WhiteElo "2250"]
[BlackElo "2095"]

1.Nf3 Nf6 2.c4 g6 3.Nc3 Bg7 4.e4 d6 5.d4 O-O 6.Be2 e5 7.O-O Nc6 8.Be3 Ng4
9.Bg5 f6 10.Bh4 h5 11.d5 Ne7 12.Ne1 Nh6 13.f3 g5 14.Bf2 Ng6 15.c5 Nf4 16.cxd6 cxd6
17.Rc1 Rf7 18.Nb5 a6 19.Na3 b5 20.Nac2 f5 21.Nb4 Nxe2+ 22.Qxe2 f4 23.Nc6 Qf6
24.Na7 Bb7 25.h3 Bf8 26.a4 bxa4 27.Rc3 Rg7 28.Bb6 g4 29.fxg4 hxg4 30.hxg4 Nxg4
31.Rh3 Qg6 32.Rff3 Bc8 33.Nxc8 Rxc8 34.Rc3 Rxc3 35.Rxc3 Nf6 36.Rc8 Nxe4 37.Qc2 Rf7
38.Nf3 Kg7 39.Nh4 Qg4 40.Qxe4 Qxh4 41.Bd8 Qg4 42.Rc3 Qg6 43.Rc4 Qxe4 44.Rxe4 Rb7
45.Rxa4 Rxb2 46.Rxa6 Rb5 47.g3 fxg3 48.Ra5 Rxa5 49.Bxa5 Kg6 50.Kg2 Kf5 51.Kxg3 Ke4
52.Kg4 Be7 53.Bb4 Kxd5 54.Kf5 Bh4 55.Ba3 Bf2 56.Bb4 Bc5 57.Bc3 Ba3 58.Ba1 Bb4
59.Bb2 e4 60.Bc1 Kd4 61.Kf4 Kd3 62.Be3 Bc5  0-1

[Event "Bled op"]
[Site "Bled"]
[Date "1991.??.??"]
[Round "?"]
[White "Stanciu, Gabriela"]
[Black "Petrovic, Marija"]
[Result "0-1"]
[WhiteElo "2250"]
[BlackElo "2185"]

1.Nf3 Nf6 2.c4 g6 3.Nc3 Bg7 4.e4 d6 5.d4 O-O 6.Be2 Nc6 7.O-O e5 8.Be3 exd4
9.Nxd4 Re8 10.f3 Nh5 11.Nxc6 bxc6 12.Qd2 Bb7 13.Rad1 Nf6 14.Rfe1 Qe7 15.Bf1 c5
16.Bg5 Qe6 17.Nb5 Rec8 18.Bh6 Bh8 19.e5 dxe5 20.Be3 Qc6 21.Qf2 e4 22.Bxc5 Nd7
23.Bd4 Bxd4 24.Nxd4 Qf6 25.fxe4 Qxf2+ 26.Kxf2 c5 27.Nb5 Nf8 28.Nd6 Rc7 29.Nxb7 Rxb7
30.b3 a5 31.Rb1 Rd8 32.Red1 Rxd1 33.Rxd1 a4 34.Rd8 axb3 35.axb3 Kg7 36.Rd3 Ne6
37.Be2 Nd4 38.Bd1 Kf6 39.Ke3 Ke7 40.Rd2 Ra7 41.h4 h5 42.g3 Ra1 43.Rd3 Rb1
44.Kd2 f6 45.Re3 Ra1 46.Re1 Ra2+ 47.Kc3 g5 48.hxg5 fxg5 49.Bxh5 Rc2+ 50.Kd3 Rg2
51.Re3 Nxb3 52.Bg4 Nd4 53.Bd1 Ra2 54.Kc3 Ra1 55.Kd2 Ra2+ 56.Kc3 Nc6 57.Rd3 Nd4
58.Re3 Rg2 59.Bg4 Rc2+ 60.Kd3 Rc1 61.Kd2 Rc2+ 62.Kd3 Ra2 63.Bd1 Nc6 64.Kc3 Ra1
65.Rd3 Nd4 66.Kb2 Ra8 67.Re3 Ra7 68.Bh5 Rb7+ 69.Kc3 Rb3+ 70.Kd2 Rb2+ 71.Kc3 Rc2+
72.Kd3 Rh2 73.Bd1 Rg2 74.Kc3 Nc6 75.Rd3 Nb4 76.Re3 Rg1 77.Bb3 g4 78.Ba4 Rc1+
79.Kd2 Rxc4 80.Bd1 Rd4+ 81.Ke1 c4 82.Rc3 Nd3+ 83.Ke2 Rxe4+ 84.Kd2 Rd4 85.Bc2  0-1

[Event "Latin Cup"]
[Site "Bogota"]
[Date "1991.??.??"]
[Round "7"]
[White "Hernandez, Roman"]
[Black "Henao, Raul Fernando"]
[Result "1/2-1/2"]
[WhiteElo "2445"]
[BlackElo "2380"]

1.Nf3 Nf6 2.c4 g6 3.Nc3 Bg7 4.e4 d6 5.d4 O-O 6.Be2 e5 7.O-O Nc6 8.d5 Ne7
9.Nd2 a5 10.Rb1 Nd7 11.a3 f5 12.b4 Kh8 13.f3 Ng8 14.c5 axb4 15.axb4 dxc5
16.bxc5 Nxc5 17.Nc4 fxe4 18.fxe4 Rxf1+ 19.Qxf1 Na4 20.Nxa4 Rxa4 21.Bb2 Qe7
22.d6 Qe6 23.Rc1 b5 24.Bg4 Qe8 25.d7 Bxd7 26.Bxd7 Qe7 27.Bxb5 Qc5+ 28.Qf2 Qxb5  1/2-1/2

[Event "Budapest IM"]
[Site "Budapest"]
[Date "1991.??.??"]
[Round "1"]
[White "Bordas, Gyula"]
[Black "Fransson, Peter"]
[Result "1-0"]
[WhiteElo "2310"]
[BlackElo "2250"]

1.c4 Nf6 2.Nc3 g6 3.e4 d6 4.d4 Bg7 5.Be2 O-O 6.Nf3 e5 7.O-O Nc6 8.d5 Ne7
9.Ne1 Nd7 10.f3 f5 11.g4 Kh8 12.Bd2 Ng8 13.Qc1 Ndf6 14.h3 Rf7 15.Nd3 f4 16.b4 h5
17.c5 Ne8 18.Kg2 Bh6 19.Rh1 Rh7 20.a4 Bg5 21.a5 Nh6 22.b5 Nf7 23.c6 bxc6
24.bxc6 Bh4 25.Be1 Bg5 26.Qb2 Bh4 27.Nb5 Kg8 28.Qd2 Bg5 29.Nf2 Qf6 30.a6 Nh6
31.Qd3 Bh4 32.Qc3 Bg3 33.Nd3 Qh4 34.Bd2 Nf7 35.Qa5 Ng5 36.Raf1  1-0

[Event "Autoteam"]
[Site "Budapest"]
[Date "1991.??.??"]
[Round "1"]
[White "Lukacs, Peter"]
[Black "Loginov, Valery A"]
[Result "1/2-1/2"]
[WhiteElo "2500"]
[BlackElo "2540"]

1.d4 Nf6 2.c4 g6 3.Nc3 Bg7 4.e4 d6 5.Nf3 O-O 6.Be2 e5 7.O-O Nc6 8.d5 Ne7
9.Nd2 a5 10.Rb1 Nd7 11.a3 f5 12.b4 Kh8 13.Qc2 c5 14.Nb5 Ra6 15.f3 axb4 16.axb4 cxb4
17.Nb3 Nc5 18.Bd2 b6 19.Bxb4 Bh6 20.Nxc5 bxc5 21.Bd2 Bxd2 22.Qxd2 fxe4 23.fxe4  1/2-1/2

[Event "Spring op"]
[Site "Budapest"]
[Date "1991.??.??"]
[Round "2"]
[White "Titov, German"]
[Black "Guldner, Kurt"]
[Result "1-0"]
[WhiteElo "2480"]
[BlackElo "2310"]

1.Nf3 Nf6 2.c4 g6 3.Nc3 Bg7 4.e4 d6 5.d4 O-O 6.Be2 e5 7.O-O Nc6 8.d5 Ne7
9.Ne1 Nd7 10.Nd3 f5 11.Bd2 Nf6 12.f3 f4 13.g4 h5 14.h3 g5 15.b4 Kf7 16.a4 Rh8
17.a5 Rh6 18.Kg2 Ng6 19.c5 Qh8 20.Rh1 Bd7 21.Nf2 Qh7 22.c6 bxc6 23.dxc6 Be6
24.Qg1 Rh8 25.b5 Nh4+ 26.Kf1 Ra8 27.Ke1 Ke7 28.Kd1 Qg8 29.Kc1 Qe8 30.Nd3 Bc4
31.Qf2 Kf8 32.Nb4 Be6 33.Rd1 Kg8 34.Be1 Qf7 35.Ncd5 hxg4 36.hxg4 Bxd5 37.Nxd5 Nxd5
38.Bc4 Qe7 39.Bxd5+ Kf8 40.Ra2 Qd8 41.b6 axb6 42.axb6 cxb6 43.Rxa8 Qxa8 44.c7 Qa1+
45.Kc2 Qa4+ 46.Kb2 Qb5+ 47.Bb4  1-0

[Event "Honved"]
[Site "Budapest"]
[Date "1991.??.??"]
[Round "2"]
[White "Schlosser, Philipp"]
[Black "Loginov, Valery A"]
[Result "0-1"]
[WhiteElo "2485"]
[BlackElo "2540"]

1.Nf3 Nf6 2.c4 g6 3.Nc3 Bg7 4.e4 d6 5.d4 O-O 6.Be2 e5 7.O-O Nc6 8.Be3 Re8
9.dxe5 dxe5 10.c5 Bg4 11.Bb5 Nd7 12.Bxc6 bxc6 13.h3 Bxf3 14.Qxf3 Qb8 15.Qe2 a5
16.Rfd1 Nf8 17.Qc2 Ne6 18.Ne2 a4 19.Qc4 Qb5 20.Qxb5 cxb5 21.c6 Ra6 22.Rac1 Rb8
23.Rd7 Bf8 24.Rd5 b4 25.Rc4 Nd8 26.f4 Nxc6 27.fxe5 b3 28.axb3 Rxb3 29.Bc1 Rb4
30.Rxb4 Bxb4 31.Bg5 Ra8 32.Bf6 Re8 33.Kf1 h6 34.Nd4 Nb8 35.Nc2 Bf8 36.Kf2 Nc6
37.Kf3 Rb8 38.Nd4 Nxd4+ 39.Rxd4 a3 40.bxa3 Bxa3 41.Ra4 Bf8 42.Ra1 Rc8 43.Ke2 Bg7
44.Kd3 Bxf6 45.exf6 Kf8 46.e5 Ke8 47.Kc4 Kd7 48.Kd5 Rb8 49.Ra5 Rb5+  0-1

[Event "Budapest Kasparov"]
[Site "Budapest"]
[Date "1991.??.??"]
[Round "3"]
[White "Horvath, Jozsef"]
[Black "Gruenberg, Hans Ulrich"]
[Result "0-1"]
[WhiteElo "2540"]
[BlackElo "2485"]

1.d4 Nf6 2.c4 g6 3.Nc3 Bg7 4.e4 d6 5.Nf3 O-O 6.Be2 e5 7.O-O Nc6 8.Be3 Ng4
9.Bg5 f6 10.Bc1 Kh8 11.d5 Ne7 12.Ne1 f5 13.Bxg4 fxg4 14.Be3 Ng8 15.Nd3 Nf6
16.c5 Rf7 17.b4 Nh5 18.Rc1 g5 19.h3 Nf4 20.hxg4 Bxg4 21.Qxg4 Nxd3 22.Rb1 Nf4
23.Qd1 Qf6 24.Ne2 g4 25.Ng3 Qg6 26.Rb3 Rg8 27.Nf5 a6 28.Re1 Bh6 29.Bxf4 exf4
30.Nxh6 Qxh6 31.Qd4+ Qg7 32.Qxg7+ Kxg7 33.e5 dxe5 34.Rxe5 Kf6 35.Re6+ Kf5
36.g3 Rd8 37.Rd3 Rxd5 38.Rxd5+ Kxe6 39.Rg5 h5 40.gxf4 Rxf4 41.a3 Rf5 42.Rg7 Rf7
43.Rg5 Rh7 44.Kg2 Kf6 45.Rg8 c6 46.Rf8+ Ke5 47.Kg3 h4+ 48.Kxg4 h3 49.f4+ Kd4
50.Rd8+ Ke3  0-1

[Event "Cansys"]
[Site "Budapest"]
[Date "1991.??.??"]
[Round "4"]
[White "Lukacs, Peter"]
[Black "Spiriev, Peter"]
[Result "1-0"]
[WhiteElo "2460"]
[BlackElo "2285"]

1.d4 Nf6 2.c4 g6 3.Nc3 Bg7 4.e4 d6 5.Nf3 O-O 6.Be2 e5 7.O-O Nc6 8.d5 Ne7
9.Ne1 Nd7 10.Nd3 f5 11.Bd2 Nf6 12.f3 f4 13.g4 h5 14.g5 Nh7 15.h4 Nxg5 16.hxg5 Nf5
17.Rf2 Qxg5+ 18.Rg2 Ng3 19.Nf2 Qf6 20.Bf1 g5 21.Rh2 Qg6 22.Bh3 g4 23.fxg4 hxg4
24.Bxg4 f3 25.Bxf3 Nxe4+ 26.Rg2  1-0

[Event "Cansys"]
[Site "Budapest"]
[Date "1991.??.??"]
[Round "5"]
[White "Schlosser, Philipp"]
[Black "Hazai, Laszlo"]
[Result "1-0"]
[WhiteElo "2465"]
[BlackElo "2450"]

1.d4 Nf6 2.c4 g6 3.Nc3 Bg7 4.e4 d6 5.Nf3 O-O 6.Be2 e5 7.O-O Nc6 8.Be3 Ng4
9.Bg5 f6 10.Bc1 f5 11.Bg5 Qe8 12.d5 Ne7 13.Ne1 Nf6 14.f3 h6 15.Be3 b6 16.b4 g5
17.c5 Ng6 18.Nb5 Qd8 19.cxd6 cxd6 20.Rc1 fxe4 21.fxe4 Nf4 22.Bd3 Ng4 23.Qd2 Rf7
24.Rc6 Bf8 25.Bxf4 exf4 26.Nf3 Ne3 27.Rfc1 g4 28.Nfd4 g3 29.hxg3 Rg7 30.Ne2 Bd7
31.Nbd4 Qf6 32.Nf3 Bxc6 33.dxc6 h5 34.Nxf4 Rxg3 35.Nxh5 Qxf3 36.Nxg3 Qxg3
37.c7 Rc8 38.Ba6 Bg7 39.Bxc8 Bd4 40.Be6+ Kh7 41.Kh1 Be5 42.Kg1 Bd4 43.c8=Q  1-0

[Event "Cansys GM-Nov"]
[Site "Budapest"]
[Date "1991.??.??"]
[Round "5"]
[White "Lengyel, Levente"]
[Black "Vigh, Bela"]
[Result "1/2-1/2"]
[WhiteElo "2380"]
[BlackElo "2340"]

1.d4 Nf6 2.Nf3 g6 3.c4 Bg7 4.Nc3 O-O 5.e4 d6 6.Be2 e5 7.O-O Nc6 8.Be3 Ng4
9.Bg5 f6 10.Bh4 Nh6 11.dxe5 dxe5 12.h3 Be6 13.c5 Qc8 14.Qa4 Nf7 15.Bb5 Ne7
16.Rad1 c6 17.Bc4 b5 18.cxb6 axb6 19.Qb3 Bxc4 20.Qxc4 g5 21.Bg3 Ng6 22.a4 Re8
23.Qb3 Rb8 24.Nd2 Bf8 25.Qc4  1/2-1/2

[Event "Cansys IM-Nov"]
[Site "Budapest"]
[Date "1991.??.??"]
[Round "6"]
[White "Meszaros, Andras"]
[Black "Sziva, Erika"]
[Result "0-1"]
[WhiteElo "2360"]
[BlackElo "2245"]

1.d4 Nf6 2.c4 g6 3.Nc3 Bg7 4.e4 d6 5.Nf3 O-O 6.Be2 e5 7.O-O Nc6 8.Be3 Ng4
9.Bg5 f6 10.Bc1 Nh6 11.dxe5 dxe5 12.Qd5+ Kh8 13.h3 Qe8 14.Be3 Be6 15.Qb5 Qc8
16.c5 Nf7 17.b4 a5 18.a3 f5 19.Bc4 f4 20.Bd2 Nd4 21.Nxd4 exd4 22.Ne2 Bd7
23.c6 Bxc6 24.Qc5 Ne5 25.Nxd4 b6 26.Qe7 Bf6 27.Qe6 Bd7 28.Qd5 c6  0-1

[Event "Cansys"]
[Site "Budapest"]
[Date "1991.??.??"]
[Round "7"]
[White "Kishnev, Sergey"]
[Black "Hazai, Laszlo"]
[Result "1/2-1/2"]
[WhiteElo "2520"]
[BlackElo "2450"]

1.d4 Nf6 2.c4 g6 3.Nc3 Bg7 4.e4 d6 5.Nf3 O-O 6.Be2 e5 7.O-O Nc6 8.d5 Ne7
9.Nd2 a5 10.a3 Nd7 11.Rb1 f5 12.b4 Kh8 13.Qc2 fxe4 14.Ndxe4 Nf5 15.Bg5 Nf6
16.Qc1 axb4 17.axb4 Nd4 18.Bd3 Bf5 19.Ra1 Rxa1 20.Qxa1 h6 21.Be3 Nxe4 22.Nxe4 Qh4
23.f3 Bxe4 24.fxe4 Rxf1+ 25.Qxf1 Kh7 26.g3 Qf6 27.Qxf6 Bxf6 28.h4 Kg7 29.Kf2 h5
30.Be2 Be7 31.Bd1 Kf7 32.Ke1 Kg7 33.Kd2 b6 34.Kd3 Kf7 35.Bf2 Bf6 36.Be1 Ke7
37.Bd2 Kd7 38.Bh6 Ke7 39.Ba4 Kf7 40.Bd2 Be7 41.Bd1 Kg7 42.Be1 Kf7 43.g4 hxg4
44.Bxg4 Ke8 45.Bg3 Bf6 46.c5 bxc5 47.bxc5 dxc5 48.Kc4 Kd8 49.Kxc5 Be7+ 50.Kc4 Bd6
51.Bd1 Ke7 52.Kd3 Kf6 53.Ba4 Kf7 54.Be1 Nf3 55.Bg3 Nd4  1/2-1/2

[Event "Cansys IM-B"]
[Site "Budapest"]
[Date "1991.??.??"]
[Round "8"]
[White "Stajcic, Nikola"]
[Black "Von Herman, Ulf"]
[Result "1-0"]
[WhiteElo "2345"]
[BlackElo "2205"]

1.d4 Nf6 2.Nf3 g6 3.c4 Bg7 4.Nc3 O-O 5.e4 d6 6.Be2 e5 7.O-O Nc6 8.d5 Ne7
9.Ne1 Nd7 10.f3 f5 11.g4 Kh8 12.Nd3 a5 13.Be3 b6 14.a3 Nc5 15.Rc1 Ng8 16.Nf2 a4
17.Kg2 Bd7 18.Nb5 Bh6 19.Bxh6 Nxh6 20.h3 Bxb5 21.cxb5 Nf7 22.Rc4 Qh4 23.Qe1 Rg8
24.Nd3 Qxe1 25.Rxe1 h5 26.Nxc5 bxc5 27.Bd1 hxg4 28.hxg4 fxg4 29.fxg4 Ng5
30.Rxa4 Rxa4 31.Bxa4 Rf8 32.Bc2 Rf4 33.Re3 Kg7 34.a4 Nh7 35.a5 Nf6 36.a6 Nd7
37.a7 Nb6 38.Ra3 Rf8 39.g5 Ra8 40.Kf2 Nc8 41.Bd1 Rxa7 42.Bg4 Rxa3 43.bxa3 Nb6
44.Be2 Kf7 45.Ke3 Ke7 46.Kd3 Kd7 47.Bg4+ Kd8 48.Kc3 Ke7 49.Bd1 Kd8 50.a4 Kc8
51.a5 Nd7 52.Bg4 Kd8 53.Kc4  1-0

[Event "Budapest IM"]
[Site "Budapest"]
[Date "1991.??.??"]
[Round "9"]
[White "Orso, Miklos"]
[Black "Kahn, Evarth"]
[Result "0-1"]
[WhiteElo "2400"]
[BlackElo "2215"]

1.d4 Nf6 2.Nf3 g6 3.c4 Bg7 4.Nc3 d6 5.e4 O-O 6.Be2 e5 7.O-O Nc6 8.d5 Ne7
9.Ne1 Nd7 10.Nd3 f5 11.Bd2 Nb6 12.Qb3 fxe4 13.Nxe4 Nf5 14.Bc3 Kh8 15.Rae1 a5
16.Nc1 Nd4 17.Bxd4 exd4 18.f4 Nd7 19.Nd3 b6 20.Ng5 Nc5 21.Nxc5 bxc5 22.Qg3 Bf6
23.Nxh7 Kxh7 24.Bd3 Bf5 25.Bxf5 gxf5 26.Qh3+ Kg8 27.Qxf5 Bg7 28.Qd3 Qf6 29.f5 Rae8
30.Re6 Rxe6 31.dxe6 Qe5 32.g4 Bf6 33.Rf2 Qe3 34.Qxe3 dxe3 35.Rc2 Kg7 36.Kg2 Bg5
37.Kg3 Rh8 38.Kf3 Kf6 39.Ke4 c6 40.b3 Rh4 41.Rg2 Ke7 42.a3 Kf6 43.Kd3 d5
44.cxd5 cxd5 45.b4 axb4 46.axb4 cxb4 47.Kd4 b3 48.Kxd5 Rxg4 49.Rxg4 b2 50.Rg1 e2
51.e7 Kxe7 52.Re1 Kf6  0-1

[Event "Autoteam"]
[Site "Budapest"]
[Date "1991.??.??"]
[Round "9"]
[White "Sinkovics, Peter"]
[Black "Loginov, Valery A"]
[Result "0-1"]
[WhiteElo "2350"]
[BlackElo "2540"]

1.d4 Nf6 2.c4 g6 3.Nc3 Bg7 4.e4 d6 5.Nf3 O-O 6.Be2 e5 7.O-O Nc6 8.d5 Ne7
9.Nd2 a5 10.Rb1 Nd7 11.a3 f5 12.b4 Kh8 13.Nb3 axb4 14.axb4 Nf6 15.f3 f4 16.g4 Neg8
17.Bd2 Ne8 18.Kg2 h5 19.h3 Bf6 20.Be1 Rf7 21.Ra1 Rb8 22.c5 Rh7 23.Rh1 Nh6
24.Bf2 Bh4 25.Bxh4 Qxh4 26.Qe1 Qd8 27.Qf2 Nf7 28.Nb5 Bd7 29.Na7 Nf6 30.Nd2 Kg7
31.b5 dxc5 32.Qxc5 b6 33.Qc3 Ne8 34.Nc4 Qh4 35.Qe1 Qe7 36.Nc6 Bxc6 37.bxc6 Ned6
38.Nb2 Rbh8 39.Qf2 hxg4 40.hxg4 Rxh1 41.Rxh1 Rxh1 42.Kxh1 Qd8 43.Kg2 Qa8
44.Qe1 Qa3 45.Qb1 Qb3 46.Bd3 Kf6 47.Kf2 Ke7 48.Qc1 Qb4 49.Qc2 Ng5 50.Be2 Nh3+
51.Kf1 Qd4 52.Ke1 Qg1+ 53.Kd2 Qe3+ 54.Kd1 Ng5 55.Qd3 Qc5 56.Na4 Qg1+ 57.Kc2 Qf2
58.Kb3 Ngf7 59.Nc3 Ng5 60.Na4 b5 61.Nc3 Qc5 62.Na2 Nc4 63.Nb4 Na5+  0-1

[Event "Honved"]
[Site "Budapest"]
[Date "1991.??.??"]
[Round "11"]
[White "Schlosser, Philipp"]
[Black "Farago, Sandor"]
[Result "1-0"]
[WhiteElo "2485"]
[BlackElo "2395"]

1.Nf3 d6 2.d4 Nf6 3.c4 g6 4.Nc3 Bg7 5.e4 O-O 6.Be2 e5 7.O-O Nc6 8.d5 Ne7
9.Ne1 Nd7 10.Nd3 f5 11.Bd2 fxe4 12.Nxe4 Nb6 13.Rc1 Bf5 14.Bf3 c6 15.dxc6 bxc6
16.Qb3 Kh8 17.Ng3 Be6 18.Bg5 Rb8 19.Nb4 Bf6 20.Bxf6+ Rxf6 21.Ne4 Rf4 22.Rfd1 d5
23.Ng5 Bg8 24.Qe3 Rf5 25.Be4 d4 26.Qg3 Rf4 27.Nd3 Nf5 28.Bxf5 Rxf5 29.h4 Qe7
30.Re1 Re8 31.b3 Nd7 32.Rc2 Nf6 33.Rce2 Nh5 34.Qh2 Qg7 35.Rxe5 Rexe5 36.Rxe5 Rf8
37.Re2 h6 38.Nf3 Bh7 39.Qd6 g5 40.Re7 Qf6 41.Qxf6+ Rxf6 42.Nde5 d3 43.hxg5 hxg5
44.Nxg5 Bf5 45.g4 Nf4 46.Re8+ Kg7 47.Rd8 Bxg4 48.Nxg4 Rg6 49.Rd7+ Kg8 50.f3 Rxg5
51.Kf2 Ra5 52.a4 Ra6 53.Ke3 Ne6 54.Nf6+ Kf8 55.Rb7 Ra5 56.Ne4 Re5 57.Rxa7 Nc5
58.b4 d2 59.Kxd2 Nxe4+ 60.fxe4 Rxe4 61.Kd3 Rh4 62.Rc7  1-0

[Event "Budapest IM"]
[Site "Budapest"]
[Date "1991.??.??"]
[Round "11"]
[White "Orso, Miklos"]
[Black "Samer, M Ibrahim"]
[Result "1-0"]
[WhiteElo "2400"]
[BlackElo "2330"]

1.d4 Nf6 2.Nf3 g6 3.c4 Bg7 4.Nc3 O-O 5.e4 d6 6.Be2 e5 7.O-O Nc6 8.d5 Ne7
9.Ne1 Nd7 10.Nd3 f5 11.Bd2 Nf6 12.f3 h5 13.c5 f4 14.cxd6 cxd6 15.Rc1 g5 16.Nb5 Ne8
17.Nf2 Kh8 18.Qb3 Ng8 19.Rc2 a6 20.Nc7 Nxc7 21.Ba5 g4 22.fxg4 hxg4 23.Bxc7 Qg5
24.g3 Qg6 25.Qb6 Rf6 26.Bd8 Rf7 27.Rc7 Rxc7 28.Bxc7 f3 29.Bd3 Bf8 30.Rc1 Nh6
31.Bd8 Nf7 32.Bh4 Bh6 33.Rc7 Kg8 34.Re7 Bd2 35.Re8+ Kg7 36.Qc7 Qh6 37.Qe7 Be3
38.Qf8+ Kg6 39.Qg8+ Qg7 40.Kf1 Bxf2 41.Kxf2 Qxg8 42.Rxg8+ Kh7 43.Re8 b5 44.Bf1 Kg7
45.h3 Bb7 46.Rxa8 Bxa8 47.hxg4 Bb7 48.Kxf3 Bc8 49.Be7 Kg6 50.Be2 b4 51.Ke3 a5
52.g5 Bd7 53.Ba6 a4 54.a3  1-0